000098189 001__ 98189
000098189 005__ 20210119125540.0
000098189 0247_ $$2doi$$a10.1080/14686996.2016.1235962
000098189 0248_ $$2sideral$$a103349
000098189 037__ $$aART-2016-103349
000098189 041__ $$aeng
000098189 100__ $$aSierra, Marta
000098189 245__ $$aPhotocatalytic activities of coke carbon/g-C3N4 and Bi metal/Bi mixed oxides/g-C3N4 nanohybrids for the degradation of pollutants in wastewater
000098189 260__ $$c2016
000098189 5060_ $$aAccess copy available to the general public$$fUnrestricted
000098189 5203_ $$aDifferent g-C3N4 composite systems (coke carbon/g-C3N4, Bi/Bi2WO6/g-C3N4 and Bi/Bi2MoO6/g-C3N4) have been assessed as photocatalysts for wastewater pollutants removal. The coke carbon/g-C3N4 hybrid, produced by thermal treatment at 550 °C of a composite made from melamine cyanurate and coke, only showed activity under UV-light irradiation. On the other hand, inorganic Bi spheres/Bi mixed oxides/g-C3N4 nanohybrids (Bi/Bi2WO6/g-C3N4 and Bi/Bi2MoO6/g-C3N4 composites), produced by thermal reduction of Bi2WO6 or Bi2MoO6 by g-C3N4, exhibited a remarkable red-shift, up to 620 nm, and allowed the visible-light driven degradation of the contaminant, albeit in combination with some adsorption.
000098189 536__ $$9info:eu-repo/grantAgreement/ES/MINECO/ENE2013-47826-C4-1-R$$9info:eu-repo/grantAgreement/ES/MINECO/ENE2013-47826-C4-4-R
000098189 540__ $$9info:eu-repo/semantics/openAccess$$aby-nc-nd$$uhttp://creativecommons.org/licenses/by-nc-nd/3.0/es/
000098189 590__ $$a3.798$$b2016
000098189 591__ $$aMATERIALS SCIENCE, MULTIDISCIPLINARY$$b54 / 275 = 0.196$$c2016$$dQ1$$eT1
000098189 592__ $$a1.185$$b2016
000098189 593__ $$aMaterials Science (miscellaneous)$$c2016$$dQ1
000098189 655_4 $$ainfo:eu-repo/semantics/article$$vinfo:eu-repo/semantics/publishedVersion
000098189 700__ $$aBorges, Emma
000098189 700__ $$aEsparza, Pedro
000098189 700__ $$aMéndez-Ramos, Jorge
000098189 700__ $$aMartín-Gil, Jesús
000098189 700__ $$0(orcid)0000-0003-2713-2786$$aMartín-Ramos, Pablo$$uUniversidad de Zaragoza
000098189 7102_ $$15011$$2500$$aUniversidad de Zaragoza$$bDpto. CC.Agrar.y Medio Natural$$cArea Ingeniería Agroforestal
000098189 773__ $$g17, 1 (2016), 659-668$$pSci. technol. adv. mater.$$tSCIENCE AND TECHNOLOGY OF ADVANCED MATERIALS$$x1468-6996
000098189 8564_ $$s1817543$$uhttps://zaguan.unizar.es/record/98189/files/texto_completo.pdf$$yVersión publicada
000098189 8564_ $$s1254087$$uhttps://zaguan.unizar.es/record/98189/files/texto_completo.jpg?subformat=icon$$xicon$$yVersión publicada
000098189 909CO $$ooai:zaguan.unizar.es:98189$$particulos$$pdriver
000098189 951__ $$a2021-01-19-11:55:11
000098189 980__ $$aARTICLE